20,000 words : (Record no. 117823)
[ view plain ]
| 000 -LEADER | |
|---|---|
| fixed length control field | 00493nam a2200169Ia 4500 |
| 005 - DATE AND TIME OF LATEST TRANSACTION | |
| control field | 20140609131828.0 |
| 008 - FIXED-LENGTH DATA ELEMENTS--GENERAL INFORMATION | |
| fixed length control field | 140529s9999 xx 000 0 und d |
| 020 ## - INTERNATIONAL STANDARD BOOK NUMBER | |
| International Standard Book Number | 9710822357 |
| 050 ## - LIBRARY OF CONGRESS CALL NUMBER | |
| Classification number | PE 1146 |
| Item number | .L39 1977 |
| 100 ## - MAIN ENTRY--PERSONAL NAME | |
| Personal name | Leslie, Louis A. |
| 245 ## - TITLE STATEMENT | |
| Title | 20,000 words : |
| Remainder of title | spelled and divided for quick reference / |
| Statement of responsibility, etc | Louis A. Leslie |
| 250 ## - EDITION STATEMENT | |
| Edition statement | 7th ed. |
| 260 ## - PUBLICATION, DISTRIBUTION, ETC. (IMPRINT) | |
| Place of publication, distribution, etc | New York : |
| Name of publisher, distributor, etc | Gregg Division, McGraw-Hill, |
| Date of publication, distribution, etc | c1977. |
| 300 ## - PHYSICAL DESCRIPTION | |
| Extent | 250 p. ; |
| Dimensions | 14 cm. |
| 942 ## - ADDED ENTRY ELEMENTS (KOHA) | |
| Koha item type | Books |
| Source of classification or shelving scheme | Library of Congress Classification |
| Withdrawn status | Lost status | Source of classification or shelving scheme | Damaged status | Home library | Current library | Shelving location | Date acquired | Cost, normal purchase price | Total Checkouts | Full call number | Barcode | Date last seen | Price effective from | Koha item type |
|---|---|---|---|---|---|---|---|---|---|---|---|---|---|---|
| Library of Congress Classification | College Library | College Library | Reference Section | 05/30/2014 | 21.00 | PE 1146 .L39 1977 | C0687 | 05/15/2018 | 05/30/2014 | Books |